Library of the University of Algiers 3
Ibrahim Sultan Cheibout
شعار جامعة الجزائر 3
مكتبة جامعة الجزائر 3
إبراهيم سلطان شيبوط

إدارة الجودة : (رقم التسجيلة. 41246)

تفاصيل مارك
000 -LEADER
fixed length control field 01449nam a2200229Ia 4500
003 - CONTROL NUMBER IDENTIFIER
control field Ost
005 - DATE AND TIME OF LATEST TRANSACTION
control field 20260416102357.0
008 - FIXED-LENGTH DATA ELEMENTS--GENERAL INFORMATION
fixed length control field 260416s9999||||xx |||||||||||||| ||und||
040 ## - CATALOGING SOURCE
Transcribing agency fsecg
041 ## - LANGUAGE CODE
Language code of text/sound track or separate title ara
082 ## - DEWEY DECIMAL CLASSIFICATION NUMBER
Classification number 658.576
100 ## - MAIN ENTRY--PERSONAL NAME
Personal name قديد، فوزية
Relator term مؤلف
245 #0 - TITLE STATEMENT
Title إدارة الجودة :
Remainder of title موجهة لطلبة السنة الثالثة ليسانس LMD قسم علوم التسيير /
Statement of responsibility, etc. فوزية قديد
260 ## - PUBLICATION, DISTRIBUTION, ETC.
Place of publication, distribution, etc. الجزائر
Name of publisher, distributor, etc. جامعة الجزائر3: كلية العلوم الإقتصادية، العلوم التجارية وعلوم التسيير
Date of publication, distribution, etc. 2021
300 ## - PHYSICAL DESCRIPTION
Extent 134 ورقة
Other physical details ايضاحات
Dimensions 30 سم
504 ## - BIBLIOGRAPHY, ETC. NOTE
Bibliography, etc. note مراجع ص.130
520 ## - SUMMARY, ETC.
Summary, etc. أساسيات حول الجودة و إدارتها ، الاطار النظري لادارة الجودة الشالة ، تطبيق إدارة الجودة الشاملة ، أدوات إدارة الجودة الشاملة ، نظام إدارة الجودة الايزو 9000 ، فلسفة الستة سيجما و حلقات الجودة ، تكاليف الجدوة ، إدارة الموارد البشرية و إدارة الجدوة الشاملة ، جوائز الجودة.
653 ## - INDEX TERM--UNCONTROLLED
Uncontrolled term الجودة
653 ## - INDEX TERM--UNCONTROLLED
Uncontrolled term جودة الانتاج
710 ## - ADDED ENTRY--CORPORATE NAME
Corporate name or jurisdiction name as entry element جامعة الجزائر3: كلية العلوم الإقتصادية، العلوم التجارية وعلوم التسيير
Relator term ناشر علمي
942 ## - ADDED ENTRY ELEMENTS (KOHA)
Koha item type مطبوعات
المقتنيات
Withdrawn status Lost status Source of classification or shelving scheme Damaged status Not for loan Home library Current library Date acquired Serial enumeration / chronology Inventory number Total checkouts Full call number Barcode Date last seen Price effective from Koha item type
    Dewey Decimal Classification   NOT LOAN / إعارة داخلية مكتبة كلية العلوم الإقتصادية والعلوم التجارية وعلوم التسيير مكتبة كلية العلوم الإقتصادية والعلوم التجارية وعلوم التسيير 16/04/2026 الطابق الثاني مط.450   مط.450 ن1 مط.450 16/04/2026 16/04/2026 مطبوعات

موارد الويب المفتوحة


© University of Algiers 3 All Rights Reserved
|
Implemented by LECHELAH Riad